Urban planning in India (Record no. 406503)

000 -LEADER
fixed length control field 00393cam a22001457a 4500
008 - FIXED-LENGTH DATA ELEMENTS--GENERAL INFORMATION
fixed length control field 180718b2007 xxu||||| |||| 00| 0 eng d
020 ## - INTERNATIONAL STANDARD BOOK NUMBER
International Standard Book Number 8131600947
082 ## - DEWEY DECIMAL CLASSIFICATION NUMBER
Classification number J7x54 D26
100 ## - MAIN ENTRY--PERSONAL NAME
Personal name Das, Amiya Kumar
245 ## - TITLE STATEMENT
Title Urban planning in India
Statement of responsibility, etc. by Amiya Kumar Das
260 ## - PUBLICATION, DISTRIBUTION, ETC.
Place of publication, distribution, etc. Jaipur
Name of publisher, distributor, etc. Rawat
Date of publication, distribution, etc. 2007
300 ## - PHYSICAL DESCRIPTION
Extent 254p.
650 ## - SUBJECT ADDED ENTRY--TOPICAL TERM
Topical term or geographic name entry element Cities and towns - growth
650 ## - SUBJECT ADDED ENTRY--TOPICAL TERM
Topical term or geographic name entry element City planning - India
Holdings
Withdrawn status Lost status Damaged status Not for loan Permanent Location Current Location Date acquired Full call number Barcode Date last seen Price effective from Koha item type
        Indian Institute of Public Administration Indian Institute of Public Administration 2007-04-25 J7x54 D26 DA6315 2018-07-21 2018-07-21 DA

Powered by Koha